[Event "Oberliga Ost-B 0607"]
[Site "Germany"]
[Date "2007.04.21"]
[Round "10.6"]
[White "Krahe, Frank"]
[Black "Schracke, Guido"]
[Result "1/2-1/2"]
[WhiteElo "2236"]
[BlackElo "2227"]
[PlyCount "79"]
[EventDate "2006.10.15"]
[EventType "team-tourn"]
[EventRounds "11"]
[EventCountry "GER"]
[SourceTitle "EXT 2008"]
[Source "ChessBase"]
[SourceDate "2007.11.25"]
[SourceVersion "1"]
[SourceVersionDate "2007.11.25"]
[SourceQuality "1"]
[WhiteTeam "Dotzheim"]
[BlackTeam "Hungen Lich"]
[WhiteTeamCountry "GER"]
[BlackTeamCountry "GER"]

1. d4 Nf6 2. Nf3 d6 3. g3 Nbd7 4. Bg2 c6 5. 0-0 e5 6. c4 Be7 7. Nc3 0-0 8. Rb1 a5 9. a3 Re8 10. b4 axb4 11. axb4 e4 12. Ng5 d5 13. cxd5 cxd5 14. f3 h6 15. fxe4 hxg5 16. e5 Ne4 17. Nxd5 f5 18. g4 Nb6 19. Nxb6 Qxb6 20. gxf5 Rd8 21. Be3 Ra3 22. Rb3 Nc3 23. Qc2 Nxe2+ 24. Kh1 Rxb3 25. Qxb3+ Kh8 26. Qf7 Nf4 27. Bxf4 gxf4 28. Rf3 Bh4 29. e6 Qxb4 30. Qh5+ Kg8 31. Qf7+ Kh8 32. Qh5+ Kg8 33. Qxh4 Rxd4 34. Qh5 Rd1+ 35. Bf1 Qe4 36. Qe8+ Kh7 37. Qg6+ Kg8 38. Qe8+ Kh7 39. Qh5+ Kg8 40. Qe8+ 1/2-1/2

[Event "Oberliga Ost-B 0607"]
[Site "Germany"]
[Date "2007.02.25"]
[Round "7.6"]
[White "Krahe, Frank"]
[Black "Schnitzspan, Lothar"]
[Result "0-1"]
[WhiteElo "2236"]
[BlackElo "2296"]
[PlyCount "74"]
[EventDate "2006.10.15"]
[EventType "team-tourn"]
[EventRounds "11"]
[EventCountry "GER"]
[SourceTitle "EXT 2008"]
[Source "ChessBase"]
[SourceDate "2007.11.25"]
[SourceVersion "1"]
[SourceVersionDate "2007.11.25"]
[SourceQuality "1"]
[WhiteTeam "Dotzheim"]
[BlackTeam "Griesheim"]
[WhiteTeamCountry "GER"]
[BlackTeamCountry "GER"]

1. d4 Nf6 2. Nf3 g6 3. Bf4 c5 4. c3 Qb6 5. Qb3 Bg7 6. e3 0-0 7. Nbd2 d6 8. Be2 Qxb3 9. axb3 b6 10. 0-0 Bb7 11. Bg5 Nbd7 12. Bb5 Rfd8 13. Rfd1 h6 14. Bxf6 Nxf6 15. Ba6 Bc6 16. Nc4 Rab8 17. dxc5 bxc5 18. Na5 Ba8 19. Ra3 Nd5 20. Rda1 Nc7 21. Be2 d5 22. Ne1 d4 23. cxd4 cxd4 24. Nd3 dxe3 25. fxe3 e5 26. Nc4 e4 27. Nc5 Rb5 28. Rxa7 Rxc5 29. b4 Rc6 30. b5 Nxb5 31. Rxa8 Rxa8 32. Rxa8+ Kh7 33. Na5 Rc1+ 34. Kf2 Nd6 35. b3 Bc3 36. Nc4 Be1+ 37. Kf1 Bh4+ 0-1

[Event "Oberliga Ost-B 0607"]
[Site "Germany"]
[Date "2007.02.24"]
[Round "6.6"]
[White "Reisch, Stefan"]
[Black "Krahe, Frank"]
[Result "1/2-1/2"]
[WhiteElo "2198"]
[BlackElo "2236"]
[PlyCount "47"]
[EventDate "2006.10.15"]
[EventType "team-tourn"]
[EventRounds "11"]
[EventCountry "GER"]
[SourceTitle "EXT 2008"]
[Source "ChessBase"]
[SourceDate "2007.11.25"]
[SourceVersion "1"]
[SourceVersionDate "2007.11.25"]
[SourceQuality "1"]
[WhiteTeam "Offenbach"]
[BlackTeam "Dotzheim"]
[WhiteTeamCountry "GER"]
[BlackTeamCountry "GER"]

1. e4 e5 2. Nf3 Nc6 3. Bb5 Bc5 4. 0-0 d6 5. c3 Bd7 6. d4 Bb6 7. d5 Nb8 8. Bxd7+ Nxd7 9. Be3 Ne7 10. c4 0-0 11. Nc3 h6 12. b4 Ng6 13. Na4 Bxe3 14. fxe3 f5 15. Nc3 f4 16. exf4 Nxf4 17. g3 Ng6 18. Qd3 Qe7 19. Rac1 Nf6 20. Kg2 Nh7 21. Qe3 a5 22. bxa5 Rxa5 23. Rb1 b6 24. Rb2 1/2-1/2